Výskum spotrebiteľského etnocentrizmu
Pojem spotrebiteľský etnocentrizmus. Výskum spotrebiteľského etnocentrizmu. Kvantifikácia spotrebiteľského etnocentrizmu.
Enregistré dans:
| Auteur principal: | |
|---|---|
| Format: | Chapitre de livre |
| Langue: | slovaque |
| Sujets: | |
| Tags: |
Pas de tags, Soyez le premier à ajouter un tag!
|
MARC
| LEADER | 00000nla a2200000 4500 | ||
|---|---|---|---|
| 001 | 0242921 | ||
| 005 | 20240502073938.3 | ||
| 041 | 0 | |a slo | |
| 044 | |a SK | ||
| 245 | 1 | 0 | |a Výskum spotrebiteľského etnocentrizmu |c Jozef Gajdoš |
| 520 | |a Pojem spotrebiteľský etnocentrizmus. Výskum spotrebiteľského etnocentrizmu. Kvantifikácia spotrebiteľského etnocentrizmu. | ||
| 610 | 2 | 0 | |a spotrebitelia |
| 610 | 2 | 0 | |a správanie spotrebiteľa |
| 610 | 2 | 0 | |a rozhodovanie nákupné |
| 610 | 2 | 0 | |a inovácia |
| 100 | 1 | |a Gajdoš, Jozef, 1962-2025 | |